| 000 | 00928nasaa22002891c 4500 | ||
|---|---|---|---|
| 003 | EG-GiCUC | ||
| 005 | 20260414095453.0 | ||
| 008 | 260411c1989999ua qx p 0 0ara d | ||
| 040 |
_aEG-GiCUC _bara _cEG-GiCUC _erda |
||
| 041 | _aara | ||
| 043 | _aua---- | ||
| 049 | _aإشتراك | ||
| 092 |
_a410.5 _bU478 _221 |
||
| 099 | _a410.5 U478 | ||
| 245 | 0 | 0 | _aعلوم اللغة |
| 264 | 1 |
_aالقاهرة : _bدار غريب للطباعة والنشر ، _c1989- |
|
| 300 |
_aمجلد. : _bايضاحيات. ; _c24 سم |
||
| 310 | _0اربع مرات في السنة | ||
| 362 | 1 | _aصدر العدد.1 (1989) | |
| 500 | _aدراسات علمية محكمة تصدر اربع مرات في السنة | ||
| 500 | _aكتاب دوري | ||
| 541 | _aإشتراك | ||
| 588 | _5المجلد.3،العدد.1(2000) | ||
| 650 | 7 |
_a اللغة العربية _vدوريات |
|
| 905 |
_aAbeer _eAbeer |
||
| 942 |
_n0 _cCR |
||
| 999 |
_c179370 _d179370 |
||